España retrospectiva: república, exilio y retorno
Furkejuvvon:
| Váldodahkki: | |
|---|---|
| Materiálatiipa: | Girji |
| Giella: | espánnjágiella |
| Almmustuhtton: |
Barcelona
Los Libros de la Frontera
1988
|
| Ráidu: | Papeles de ensayo, 3
|
| Fáttát: | |
| Fáddágilkorat: |
Lasit fáddágilkoriid
Eai fáddágilkorat, Lasit vuosttaš fáddágilkora!
|
MARC
| LEADER | 00000nam a2200000 a 4500 | ||
|---|---|---|---|
| 001 | UCX0051 | ||
| 003 | CL-VaPUC | ||
| 008 | 890725e19880000SP |||||||||||||||||spa|d | ||
| 082 | 0 | 4 | |a 864 |b NEB |2 21 |
| 100 | |a Nebot, Juan |e autor |9 315500 | ||
| 245 | 1 | 0 | |a España retrospectiva: república, exilio y retorno |
| 300 | |a 500 p | ||
| 942 | |c BK | ||
| 945 | |d 19890725 00:00:00 | ||
| 260 | |a Barcelona |b Los Libros de la Frontera |c 1988 | ||
| 650 | 0 | |a Ensayos españoles |9 313128 | |
| 650 | 7 | |a HISTORIA GUERRA CIVIL 1936-1939 |2 CL-VaPUC |9 315501 | |
| 651 | 0 | |a España |9 254926 | |
| 583 | |a last modification |c 19890725 00:00:00 |k Rodrigo Vera | ||
| 490 | 0 | |a Papeles de ensayo, 3 | |
| 999 | |c 221823 |d 221821 | ||
| 952 | |0 0 |1 0 |4 0 |6 864_000000000000000_NEB_1988 |7 0 |8 A |9 215724 |a FDOPOS |b FDOPOS |d 2019-11-15 |i 2841800 |o 864 NEB 1988 |p 2841800 |r 2025-01-22 |w 2019-11-15 |y BK |k MLH | ||
| 952 | |0 0 |1 0 |4 0 |6 864_000000000000000_NEB_1988 |7 0 |8 A |9 215725 |a FDOPOS |b FDOPOS |d 2019-11-15 |i 2841819 |o 864 NEB 1988 |p 2841819 |r 2025-01-22 |w 2019-11-15 |y BK |k MLH | ||